Southville International School and Colleges
Your cart is empty.
  • Cart
  • Lists
    Public lists Eva Luna New books Lux_list list_1
    Your lists Log in to create your own lists
  • Log in to your account
  • Your cookies
  • Search history
Southville International School and Colleges
  • Advanced search
  • Recent comments
  • Most popular
  • Libraries

Log in to your account

Log in with GOOGLE


If you do not have an external account, but do have a local account, you can still log in:

  1. Home
  2. MARC view: Qualitative research for a digital world /
Normal view MARC view ISBD view

Qualitative research for a digital world / (Record no. 367733)

[ view plain ]
MARC details
000 -LEADER
fixed length control field 00807nam a22002417a 4500
003 - CONTROL NUMBER IDENTIFIER
control field 0
005 - DATE AND TIME OF LATEST TRANSACTION
control field 20250901154007.0
008 - FIXED-LENGTH DATA ELEMENTS--GENERAL INFORMATION
fixed length control field 250901b xxu||||| |||| 00| 0 eng d
020 ## - INTERNATIONAL STANDARD BOOK NUMBER
International Standard Book Number 978-1-5296-2151-8
050 ## - LIBRARY OF CONGRESS CALL NUMBER
Classification number H 62.5.C8
Item number .M64 2024
100 ## - MAIN ENTRY--PERSONAL NAME
Personal name Mogaji, Emmanuel,
Relator term author.
245 ## - TITLE STATEMENT
Title Qualitative research for a digital world /
Statement of responsibility, etc Emmanuel Mogaji, Varsha Jain, and Himani Sharma
260 ## - PUBLICATION, DISTRIBUTION, ETC. (IMPRINT)
Place of publication, distribution, etc London :
Name of publisher, distributor, etc Sage,
Date of publication, distribution, etc 2024.
300 ## - PHYSICAL DESCRIPTION
Extent x, 305 pages :
Other physical details illustrations ;
Dimensions 25 cm.
504 ## - BIBLIOGRAPHY, ETC. NOTE
Bibliography, etc Includes bibliographical references and index.
650 ## - SUBJECT ADDED ENTRY--TOPICAL TERM
Topical term or geographic name as entry element Qualitative research.
650 ## - SUBJECT ADDED ENTRY--TOPICAL TERM
Topical term or geographic name as entry element Social sciences
General subdivision Research
-- Methodology.
650 ## - SUBJECT ADDED ENTRY--TOPICAL TERM
Topical term or geographic name as entry element Internet research.
650 ## - SUBJECT ADDED ENTRY--TOPICAL TERM
Topical term or geographic name as entry element Digital media
General subdivision Research.
700 ## - ADDED ENTRY--PERSONAL NAME
Personal name Jain, Varsha,
Relator term author.
700 ## - ADDED ENTRY--PERSONAL NAME
Personal name Sharma, Himani,
Relator term author.
942 ## - ADDED ENTRY ELEMENTS (KOHA)
Source of classification or shelving scheme Library of Congress Classification
Koha item type Books
Holdings
Withdrawn status Lost status Source of classification or shelving scheme Damaged status Home library Current library Shelving location Date acquired Source of acquisition Sub Shelving location Total Checkouts Full call number Barcode Date last seen Price effective from Koha item type
    Library of Congress Classification   College Library College Library Reserve Section 06/04/2025 Library Fund     H 62.5.C8 .M64 2024 C24844 09/01/2025 09/01/2025 Books

Qualitative research for a digital world /

APA

Mogaji E., Jain V. & Sharma H. (2024). Qualitative research for a digital world. London: Sage.

Chicago

Mogaji Emmanuel, Jain Varsha and Sharma Himani. 2024. Qualitative research for a digital world. London: Sage.

Harvard

Mogaji E., Jain V. and Sharma H. (2024). Qualitative research for a digital world. London: Sage.

MLA

Mogaji Emmanuel, Jain Varsha and Sharma Himani. Qualitative research for a digital world. London: Sage. 2024.

  • Place hold
  • Print
  • Cite
  • Add to your cart (remove)
  • Save record
    BIBTEX Dublin Core MARCXML MARC (non-Unicode/MARC-8) MARC (Unicode/UTF-8) MARC (Unicode/UTF-8, Standard) MODS (XML) RIS
  • More searches
    Search for this title in:
    Other Libraries (WorldCat) Other Databases (Google Scholar) Online Stores (Bookfinder.com) Open Library (openlibrary.org)

Exporting to Dublin Core...

SOUTHVILLE LIBRARY

Southville International School and Colleges Library

1281 Tropical Ave. Cor. Luxembourg St., BF Homes International, Las Pinas City

Tel. No. 8256374 / 252358 Loc. 117/146

Powered by Koha